[Event "Bolivarian Games Blitz"]
[Site "Lima"]
[Date "2024.12.03"]
[Round "4.6"]
[White "Juarez Flores, Carlos Armando"]
[Black "Leon Archibaldo, Orlando Andres"]
[Result "0-1"]
[WhiteElo "2306"]
[BlackElo "2192"]
[PlyCount "90"]
[EventDate "2024.12.03"]
[EventType "team (blitz)"]
[EventRounds "5"]
[EventCountry "PER"]
[SourceTitle "CB50_2024"]
[SourceDate "2024.11.01"]
[SourceVersion "1"]
[SourceVersionDate "2024.11.01"]
[SourceQuality "2"]
[WhiteTeam "Guatemala"]
[BlackTeam "Panama"]
[WhiteTeamCountry "GUA"]
[BlackTeamCountry "PAN"]

1. e4 c5 2. Nf3 a6 3. c4 Nc6 4. d4 cxd4 5. Nxd4 e5 6. Nf5 d5 7. cxd5 Bxf5 8. exf5 Nd4 9. Nc3 Nf6 10. Bg5 Be7 11. Bxf6 Bxf6 12. Bd3 g6 13. fxg6 hxg6 14. Be4 Bg7 15. g3 f5 16. Bg2 e4 17. 0-0 0-0 18. Re1 b5 19. Qd2 b4 20. Ne2 Qxd5 21. Rad1 Nxe2+ 22. Qxe2 Qxa2 23. Rd2 Rad8 24. Rc2 Rd6 25. Bf1 Rfd8 26. Qe3 Kh7 27. Bc4 Qa5 28. b3 Bc3 29. Rf1 Qe5 30. Qa7+ Qg7 31. Qxg7+ Kxg7 32. Ra2 Ra8 33. Ra5 Kf6 34. h4 Bd4 35. Kg2 Bb6 36. Ra4 a5 37. Raa1 Rad8 38. Ra2 Rd2 39. Rfa1 Bxf2 40. Rxd2 Rxd2 41. Kh3 Bb6 42. Re1 e3 43. g4 f4 44. g5+ Kg7 45. Bb5 f3 0-1

[Event "Bolivarian Games Rapid"]
[Site "Lima"]
[Date "2024.12.02"]
[Round "2.2"]
[White "Juarez Flores, Carlos Armando"]
[Black "Terry, Renato"]
[Result "0-1"]
[WhiteElo "2306"]
[BlackElo "2508"]
[PlyCount "88"]
[EventDate "2024.12.02"]
[EventType "team (rapid)"]
[EventRounds "5"]
[EventCountry "PER"]
[SourceTitle "CB50_2024"]
[SourceDate "2024.11.01"]
[SourceVersion "1"]
[SourceVersionDate "2024.11.01"]
[SourceQuality "2"]
[WhiteTeam "Guatemala"]
[BlackTeam "Peru"]
[WhiteTeamCountry "GUA"]
[BlackTeamCountry "PER"]

1. d4 e6 2. Nf3 Nf6 3. e3 d6 4. b3 g6 5. Bb2 Bg7 6. Bd3 Nbd7 7. Nbd2 Qe7 8. a4 0-0 9. 0-0 Re8 10. e4 Nh5 11. Re1 e5 12. Nc4 exd4 13. Bxd4 Ne5 14. Nfxe5 dxe5 15. Be3 Nf4 16. Bf1 b6 17. Qd2 Bb7 18. f3 Ne6 19. Rad1 Rad8 20. Qf2 Nd4 21. Nxe5 Qxe5 22. f4 Qa5 23. e5 Nf5 24. Bd2 Qc5 25. Qxc5 bxc5 26. Ba5 Rxd1 27. Rxd1 Ne3 28. Rd7 Rc8 29. Rxc7 Rxc7 30. Bxc7 Nxf1 31. Kxf1 Be4 32. c3 Bc2 33. b4 cxb4 34. cxb4 Bxa4 35. Ke2 Bf8 36. Ba5 f6 37. exf6 Kf7 38. g4 Kxf6 39. Ke3 Ke6 40. Kd4 Bd6 41. Ke4 Bc2+ 42. Ke3 a6 43. h3 Kd5 44. h4 Bd1 0-1

[Event "Bolivarian Games Rapid"]
[Site "Lima"]
[Date "2024.12.02"]
[Round "5.6"]
[White "Ticona Rocabado, Licael Roderick"]
[Black "Juarez Flores, Carlos Armando"]
[Result "1/2-1/2"]
[WhiteElo "2322"]
[BlackElo "2306"]
[PlyCount "299"]
[EventDate "2024.12.02"]
[EventType "team (rapid)"]
[EventRounds "5"]
[EventCountry "PER"]
[SourceTitle "CB50_2024"]
[SourceDate "2024.11.01"]
[SourceVersion "1"]
[SourceVersionDate "2024.11.01"]
[SourceQuality "2"]
[WhiteTeam "Bolivia"]
[BlackTeam "Guatemala"]
[WhiteTeamCountry "BOL"]
[BlackTeamCountry "GUA"]

1. d4 d5 2. c4 e6 3. e3 c5 4. cxd5 exd5 5. Nf3 Nf6 6. Bb5+ Nc6 7. 0-0 Qb6 8. Nc3 c4 9. e4 dxe4 10. Re1 Bb4 11. Ne5 Bxc3 12. Bxc6+ bxc6 13. bxc3 0-0 14. Nxc4 Qa6 15. Nd6 Nd5 16. Nxe4 Bf5 17. Nc5 Qc4 18. Bd2 Rfb8 19. Qf3 Bg6 20. h4 Rb2 21. Rad1 h5 22. a4 Rc2 23. Ne4 Bxe4 24. Rxe4 Qxa4 25. Qxh5 Nf6 26. Qf3 Nxe4 27. Qxe4 Rxc3 28. Re1 Rc2 29. Be3 Qc4 30. h5 Re2 31. Rb1 Qe6 32. Qf3 Ra2 33. h6 Qg6 34. Rc1 Rc2 35. Rxc2 Qxc2 36. hxg7 Qb1+ 37. Kh2 Qh7+ 38. Kg1 Rb8 39. Qxc6 Qg6 40. Qc3 Rb1+ 41. Kh2 Qh5+ 42. Kg3 Rb6 43. Qc8+ Kxg7 44. Qh3 Rg6+ 45. Kf4 Qg5+ 46. Ke4 Re6+ 47. Kd3 Qg6+ 48. Kd2 Rc6 49. Ke1 Qb1+ 50. Ke2 Qa2+ 51. Kf3 Qd5+ 52. Ke2 Rc2+ 53. Kf1 Rc6 54. Qh4 Qb5+ 55. Kg1 Rg6 56. Qe4 Qd7 57. d5 Qg4 58. Bd4+ Kh7 59. Qxg4 Rxg4 60. Bxa7 Rg5 61. d6 Rd5 62. Bb8 Kg6 63. Kf1 Kf5 64. Ke2 Ke4 65. f3+ Kf4 66. Bc7 Kf5 67. Ke3 Ke6 68. g4 f5 69. g5 Rb5 70. Kf4 Rb4+ 71. Kg3 Rd4 72. Kf2 f4 73. g6 Kf6 74. g7 Kxg7 75. d7 Rd2+ 76. Ke1 Rxd7 77. Bxf4 Rf7 78. Be5+ Kg6 79. f4 Kf5 80. Ke2 Ke4 81. Kf2 Ra7 82. Kg3 Kf5 83. Kf3 Ra3+ 84. Ke2 Ke4 85. Kd2 Rh3 86. Kc2 Rd3 87. Bc7 Rd5 88. Be5 Ke3 89. Kc3 Rc5+ 90. Kb4 Rd5 91. Kc4 Ke4 92. Bc7 Rd1 93. Be5 Rc1+ 94. Kb3 Kd3 95. f5 Rc5 96. Bb2 Rb5+ 97. Ka3 Rxf5 98. Kb4 Rd5 99. Bf6 Rd6 100. Be7 Rd7 101. Bf6 Rc7 102. Kb5 Ke4 103. Bd8 Rc8 104. Ba5 Kd5 105. Kb6 Rc6+ 106. Kb7 Kc5 107. Bc7 Rg6 108. Bb8 Rg7+ 109. Ka8 Kb6 110. Bf4 Rg8+ 111. Bb8 Rg4 112. Ba7+ Kc7 113. Bb8+ Kc8 114. Ba7 Rb4 115. Be3 Kc7 116. Bf2 Ra4+ 117. Ba7 Re4 118. Bb8+ Kc6 119. Ba7 Ra4 120. Kb8 Rh4 121. Ka8 Rh7 122. Bb8 Kb6 123. Bf4 Rf7 124. Be5 Rd7 125. Bb8 Rd3 126. Ba7+ Kc7 127. Bb8+ Kc8 128. Ba7 Rb3 129. Bd4 Rb8+ 130. Ka7 Rb4 131. Bc5 Rb5 132. Be3 Kc7 133. Ka8 Rb8+ 134. Ka7 Rb3 135. Bf4+ Kc6 136. Be5 Rb7+ 137. Ka8 Rb5 138. Bb8 Rb3 139. Ba7 Kc7 140. Bd4 Rb5 141. Ba7 Kc8 142. Bd4 Rd5 143. Bb6 Rd3 144. Ba7 Kc7 145. Bb8+ Kc6 146. Ba7 Rd8+ 147. Bb8 Re8 148. Ka7 Re4 149. Ka8 Ra4+ 150. Ba7 1/2-1/2

[Event "Olympiad-45"]
[Site "Budapest"]
[Date "2024.09.15"]
[Round "5.43"]
[White "Tran, Thanh Tu"]
[Black "Juarez Flores, Carlos Armando"]
[Result "1-0"]
[WhiteElo "2387"]
[BlackElo "2308"]
[PlyCount "81"]
[EventDate "2024.09.11"]
[EventType "team-swiss"]
[EventRounds "11"]
[EventCountry "HUN"]
[SourceTitle "EXT 2025"]
[Source "ChessBase"]
[SourceDate "2024.10.14"]
[SourceVersion "1"]
[SourceVersionDate "2024.10.14"]
[SourceQuality "1"]
[WhiteTeam "Japan"]
[BlackTeam "Guatemala"]
[WhiteTeamCountry "JPN"]
[BlackTeamCountry "GUA"]

1. d4 d5 2. c4 e6 3. Nf3 Be7 4. e3 Nf6 5. Nc3 0-0 6. b3 c5 7. dxc5 Bxc5 8. Bb2 Nc6 9. a3 a6 10. b4 Ba7 11. Qc2 Qe7 12. Rd1 Rd8 13. Be2 dxc4 14. Rxd8+ Qxd8 15. Bxc4 b5 16. Bd3 Bb7 17. Ne4 Nd5 18. Nc5 Bxc5 19. Bxh7+ Kh8 20. bxc5 f5 21. Bg6 Qa5+ 22. Nd2 Qa4 23. Qxa4 bxa4 24. Nc4 a5 25. Ne5 Nxe5 26. Bxe5 Ne7 27. Bh5 Kg8 28. Bf3 Nd5 29. Kd2 Rd8 30. Bd6 Kf7 31. Rb1 Bc6 32. Kd3 e5 33. Kc4 e4 34. Be2 Ke6 35. Kd4 Kd7 36. Bc4 Nf6 37. Ke5 Ng4+ 38. Kxf5 Nxf2 39. Be6+ Ke8 40. Rf1 Nd3 41. Kg6 1-0

[Event "American Continental 18th"]
[Site "Medellin"]
[Date "2024.05.30"]
[Round "9"]
[White "Juarez Flores, Carlos Armando"]
[Black "Reyes Zavaleta, Fabian Ricardo"]
[Result "1-0"]
[WhiteElo "2305"]
[BlackElo "2049"]
[PlyCount "127"]
[EventDate "2024.05.24"]
[EventType "swiss"]
[EventRounds "11"]
[EventCountry "COL"]
[SourceTitle "CBM 220 Extra"]
[Source "ChessBase"]
[SourceDate "2024.07.31"]
[SourceVersion "1"]
[SourceVersionDate "2024.07.31"]
[SourceQuality "1"]

1. e4 c5 2. Nf3 d6 3. d4 cxd4 4. Nxd4 Nf6 5. Nc3 a6 6. Be2 e6 7. 0-0 Be7 8. f4 0-0 9. Be3 Qc7 10. Kh1 b5 11. Bf3 Bb7 12. e5 Ne8 13. Bxb7 Qxb7 14. a3 Nd7 15. Qh5 g6 16. Qh3 Ng7 17. Rae1 Rac8 18. Bg1 h5 19. Qg3 b4 20. axb4 Qxb4 21. Ne4 d5 22. Ng5 Nc5 23. b3 Bxg5 24. Qxg5 Ne4 25. Qh6 Rfe8 26. c4 Nd2 27. cxd5 Nxf1 28. Rxf1 exd5 29. f5 gxf5 30. Nxf5 Qg4 31. Qf6 Qg6 32. Ne7+ Rxe7 33. Qxe7 Qe6 34. Qg5 Re8 35. Qf4 Re7 36. Bc5 Rb7 37. b4 Qg6 38. Qd2 Qe4 39. Re1 Qc4 40. Qg5 a5 41. Qd8+ Kh7 42. Qxa5 d4 43. Qa8 Qc3 44. Rg1 Rd7 45. Qc6 Rd8 46. Qc7 Rd5 47. Qxf7 Rxe5 48. Bf8 Rg5 49. Bxg7 Rxg7 50. Qxh5+ Kg8 51. Qd5+ Kh7 52. b5 Qb4 53. Qe4+ Rg6 54. Rb1 Qc3 55. b6 d3 56. h4 Qc2 57. Rf1 Kg7 58. b7 Qb2 59. Qe7+ Kh6 60. Qf8+ Kh5 61. Rf5+ Kxh4 62. Qd8+ Kg4 63. Rf4+ Kh5 64. Qh4# 1-0

[Event "American Continental 18th"]
[Site "Medellin"]
[Date "2024.05.29"]
[Round "8"]
[White "Bolivar Losada, Jeison"]
[Black "Juarez Flores, Carlos Armando"]
[Result "0-1"]
[WhiteElo "2103"]
[BlackElo "2305"]
[PlyCount "98"]
[EventDate "2024.05.24"]
[EventType "swiss"]
[EventRounds "11"]
[EventCountry "COL"]
[SourceTitle "CBM 220 Extra"]
[Source "ChessBase"]
[SourceDate "2024.07.31"]
[SourceVersion "1"]
[SourceVersionDate "2024.07.31"]
[SourceQuality "1"]

1. e4 e6 2. d4 d5 3. Nc3 Bb4 4. e5 c5 5. a3 Bxc3+ 6. bxc3 Ne7 7. h4 Bd7 8. Rb1 Qc7 9. Rh3 Ba4 10. Bb5+ Bxb5 11. Rxb5 Nbc6 12. h5 h6 13. Qg4 a6 14. Rb1 Nf5 15. Ne2 0-0-0 16. Qf4 g5 17. hxg6 fxg6 18. Qg4 g5 19. Bb2 Qa5 20. Kd1 Qa4 21. Qh5 Rd7 22. Qg6 Re7 23. Qf6 Rhh7 24. Qf8+ Kc7 25. Bc1 Na5 26. Qa8 c4 27. Qa7 Qc6 28. a4 Qxa4 29. Qb6+ Kc8 30. Bxg5 hxg5 31. Rxh7 Rxh7 32. Qxe6+ Qd7 33. Qg8+ Kc7 34. Kd2 Nc6 35. Qxg5 Rg7 36. Qf4 Qe6 37. g4 Nh4 38. Qf6 Qxf6 39. exf6 Rxg4 40. f7 Ng6 41. Rh1 Nd8 42. Rh7 Nf8 43. Rh5 Kd6 44. f3 Rg2 45. Ke3 Nxf7 46. Rf5 Ke6 47. Rh5 Ng6 48. Rh1 Nd6 49. f4 Nf5+ 0-1

[Event "American Continental Blitz 18th"]
[Site "Medellin"]
[Date "2024.05.29"]
[Round "1"]
[White "Juarez Flores, Carlos Armando"]
[Black "Bonilla Mora, Luis Daniel"]
[Result "1-0"]
[WhiteElo "2305"]
[BlackElo "1865"]
[PlyCount "67"]
[EventDate "2024.05.29"]
[EventType "swiss (blitz)"]
[EventRounds "9"]
[EventCountry "COL"]
[SourceTitle "CBM 220 Extra"]
[Source "ChessBase"]
[SourceDate "2024.07.31"]
[SourceVersion "1"]
[SourceVersionDate "2024.07.31"]
[SourceQuality "1"]

1. e4 c5 2. Nf3 g6 3. c3 d5 4. exd5 Qxd5 5. d4 Bg7 6. Be2 Nf6 7. c4 Qd8 8. d5 0-0 9. Nc3 a6 10. a4 Qc7 11. 0-0 Bg4 12. h3 Bxf3 13. Bxf3 Nbd7 14. Re1 Ne5 15. Bf4 Nfd7 16. Qe2 Rfe8 17. Ne4 b6 18. Rad1 Qa7 19. d6 e6 20. Bg5 Rac8 21. Be7 Nf8 22. Nf6+ Bxf6 23. Bxf6 Nxf3+ 24. Qxf3 h5 25. Qf4 Nd7 26. Bc3 e5 27. Bxe5 Nxe5 28. Rxe5 Rxe5 29. Qxe5 Qd7 30. b3 Re8 31. Qd5 Re6 32. a5 bxa5 33. Qxc5 Kh7 34. Qd5 1-0

[Event "American Continental 18th"]
[Site "Medellin"]
[Date "2024.05.27"]
[Round "5"]
[White "Juarez Flores, Carlos Armando"]
[Black "Santiago, Yago de Moura"]
[Result "0-1"]
[WhiteElo "2305"]
[BlackElo "2462"]
[PlyCount "100"]
[EventDate "2024.05.24"]
[EventType "swiss"]
[EventRounds "11"]
[EventCountry "COL"]
[SourceTitle "CBM 220 Extra"]
[Source "ChessBase"]
[SourceDate "2024.07.31"]
[SourceVersion "1"]
[SourceVersionDate "2024.07.31"]
[SourceQuality "1"]

1. e4 e6 2. d4 d5 3. Nd2 c5 4. exd5 Qxd5 5. Ngf3 cxd4 6. Bc4 Qd6 7. 0-0 Nf6 8. Nb3 Nc6 9. Nbxd4 Nxd4 10. Qxd4 Qxd4 11. Nxd4 Bd7 12. Re1 Rc8 13. Bb3 Bc5 14. c3 0-0 15. Bg5 h6 16. Bh4 Nh5 17. Bd1 Nf4 18. Nb3 Bc6 19. Bf3 Bxf3 20. gxf3 Bb6 21. Rad1 Nd5 22. Kf1 Bd8 23. Bg3 Bf6 24. Nd2 Rfd8 25. Ne4 Be7 26. Be5 f6 27. Bd4 b6 28. Ng3 Kf7 29. Be3 g5 30. Bc1 b5 31. Rd4 Bd6 32. h4 Be5 33. Rde4 Nf4 34. hxg5 hxg5 35. Bxf4 gxf4 36. Ne2 Rd2 37. Rb1 Rh8 38. Ng1 Rh2 39. Re2 Rd8 40. Ree1 Rg8 41. Ke2 Bc7 42. Kd3 Rxf2 43. Re2 Rgg2 44. b4 Bb6 45. Rxf2 Rxf2 46. a4 bxa4 47. Ra1 a3 48. Rxa3 Rf1 49. Ne2 Rxf3+ 50. Kd2 e5 0-1

[Event "American Continental 18th"]
[Site "Medellin"]
[Date "2024.05.26"]
[Round "4"]
[White "Aspiazu Sibri, Marlon Steven"]
[Black "Juarez Flores, Carlos Armando"]
[Result "0-1"]
[WhiteElo "2098"]
[BlackElo "2305"]
[PlyCount "124"]
[EventDate "2024.05.24"]
[EventType "swiss"]
[EventRounds "11"]
[EventCountry "COL"]
[SourceTitle "CBM 220 Extra"]
[Source "ChessBase"]
[SourceDate "2024.07.31"]
[SourceVersion "1"]
[SourceVersionDate "2024.07.31"]
[SourceQuality "1"]

1. Nf3 b5 2. e4 Bb7 3. Bxb5 Bxe4 4. 0-0 Nf6 5. d4 e6 6. c4 Be7 7. Nc3 Bb7 8. a3 0-0 9. Re1 a5 10. Bf4 d6 11. Qe2 Nbd7 12. Ba4 Rb8 13. Bc2 Ba6 14. Bd3 Re8 15. Rad1 Qc8 16. Ng5 Bf8 17. Qf3 Rxb2 18. Bc1 Rb3 19. Bxh7+ Nxh7 20. Qxf7+ Kh8 21. Nxh7 Re7 22. Qg6 Qe8 23. Nxf8 Nxf8 24. Qd3 Qc6 25. Qh3+ Kg8 26. Nd5 exd5 27. Qxb3 dxc4 28. Qg3 Rf7 29. d5 Qb5 30. Qc3 Ng6 31. Bb2 Nf4 32. Ba1 Nd3 33. Rb1 Qxd5 34. Rb8+ Kh7 35. Ree8 Bb7 36. f3 Qc5+ 37. Qd4 Qxd4+ 38. Bxd4 c5 39. Bc3 d5 40. Bxa5 d4 41. Re2 c3 42. Rd8 Ba6 43. h3 Rb7 44. Rc2 Rb2 45. Rxc3 dxc3 46. Bxc3 Rc2 47. Ba5 Ra2 48. Rd6 Bc4 49. Rc6 Rxa3 50. Bd2 Ra2 51. Be3 Rc2 52. Rc7 Be6 53. h4 Kg8 54. h5 Bf7 55. Rc8+ Kh7 56. Rc7 Bxh5 57. g4 Be8 58. Bg5 Ne5 59. Bf4 Nxf3+ 60. Kh1 Nd4 61. Be5 Bc6+ 62. Kg1 Nf3+ 0-1

[Event "American Continental 18th"]
[Site "Medellin"]
[Date "2024.05.25"]
[Round "2"]
[White "Zapata Cuartas, Juan Carlos"]
[Black "Juarez Flores, Carlos Armando"]
[Result "0-1"]
[WhiteElo "1963"]
[BlackElo "2305"]
[PlyCount "88"]
[EventDate "2024.05.24"]
[EventType "swiss"]
[EventRounds "11"]
[EventCountry "COL"]
[SourceTitle "CBM 220 Extra"]
[Source "ChessBase"]
[SourceDate "2024.07.31"]
[SourceVersion "1"]
[SourceVersionDate "2024.07.31"]
[SourceQuality "1"]

1. d4 d5 2. c4 e6 3. Nc3 c5 4. cxd5 exd5 5. Nf3 Nc6 6. g3 c4 7. Bg2 Bb4 8. 0-0 Nge7 9. Bf4 0-0 10. Rc1 a6 11. Ne5 Be6 12. a3 Ba5 13. Nxc6 Nxc6 14. Na4 Qf6 15. e3 Rad8 16. Qh5 Qf5 17. Qxf5 Bxf5 18. Nc3 Be6 19. h3 b5 20. Rfd1 Bb6 21. e4 Ne7 22. e5 Nc6 23. Be3 f6 24. exf6 gxf6 25. Re1 Rfe8 26. Rcd1 Bf7 27. Kf1 b4 28. Na4 Ba5 29. axb4 Nxb4 30. Bd2 Rxe1+ 31. Rxe1 Nc6 32. Bxa5 Nxa5 33. Nc5 Nc6 34. Rd1 a5 35. g4 Kg7 36. f4 Rb8 37. Rd2 Rb5 38. Na4 Nb4 39. Nc3 Rb8 40. f5 Kf8 41. Re2 Nd3 42. Nd1 a4 43. Bf3 Rb3 44. Bg2 a3 0-1

[Event "American Continental 18th"]
[Site "Medellin"]
[Date "2024.05.24"]
[Round "1"]
[White "Juarez Flores, Carlos Armando"]
[Black "Valencia Quinchia, Isabella"]
[Result "1-0"]
[WhiteElo "2305"]
[BlackElo "1827"]
[PlyCount "79"]
[EventDate "2024.05.24"]
[EventType "swiss"]
[EventRounds "11"]
[EventCountry "COL"]
[SourceTitle "CBM 220 Extra"]
[Source "ChessBase"]
[SourceDate "2024.07.31"]
[SourceVersion "1"]
[SourceVersionDate "2024.07.31"]
[SourceQuality "1"]

1. e4 e5 2. Nf3 Nc6 3. Nc3 Nf6 4. Bb5 Nd4 5. Nxe5 Nxb5 6. Nxb5 c6 7. Nc3 Qe7 8. Nf3 d5 9. 0-0 dxe4 10. Re1 Bf5 11. Nh4 Bg6 12. Qe2 0-0-0 13. Nxg6 hxg6 14. Nxe4 Qc7 15. h3 Re8 16. d3 Nd5 17. Qd1 f5 18. Ng5 Bd6 19. Bd2 Be5 20. c3 Bf6 21. Qf3 Qb6 22. Nf7 Rxe1+ 23. Rxe1 Rf8 24. Nd6+ Kd7 25. Nc4 Qc7 26. Qe2 Kd8 27. Qe6 Qe7 28. Qxe7+ Bxe7 29. Na5 Kc7 30. c4 Bb4 31. Bxb4 Nxb4 32. Re7+ Kb6 33. Nxb7 Nxd3 34. b3 Nc1 35. Rxg7 Nxa2 36. Nd6 Nc1 37. b4 c5 38. b5 Rd8 39. Rxg6 Kc7 40. Nxf5 1-0

[Event "Sunnyvale 1000 GM GpB 05"]
[Site "Sunnyvale"]
[Date "2024.05.11"]
[Round "3.4"]
[White "Rajaram, Rohan"]
[Black "Juarez Flores, Carlos Armando"]
[Result "0-1"]
[WhiteElo "2113"]
[BlackElo "2305"]
[PlyCount "120"]
[EventDate "2024.05.11"]
[EventType "schev"]
[EventRounds "5"]
[EventCountry "USA"]
[SourceTitle "CBM 220 Extra"]
[Source "ChessBase"]
[SourceDate "2024.07.31"]
[SourceVersion "1"]
[SourceVersionDate "2024.07.31"]
[SourceQuality "1"]

1. d4 d5 2. c4 e6 3. Nf3 a6 4. Bg5 Nf6 5. Nbd2 Be7 6. e3 0-0 7. Bd3 h6 8. Bh4 Nbd7 9. 0-0 c5 10. Qe2 cxd4 11. exd4 dxc4 12. Nxc4 Nd5 13. Bg3 b5 14. Nce5 Bb7 15. Rfd1 N7f6 16. Rac1 Qb6 17. Bb1 Rfd8 18. Nd3 Rac8 19. h3 a5 20. Be5 b4 21. Bc2 Ba6 22. Qe1 Bc4 23. Bb3 Qb5 24. Nf4 Nxf4 25. Bxf4 Nd5 26. Bg3 Bxb3 27. Rxc8 Rxc8 28. axb3 Qc6 29. Rd2 Bg5 30. Nxg5 hxg5 31. Qd1 Qc1 32. Qxc1 Rxc1+ 33. Kh2 Kf8 34. Bd6+ Ke8 35. Kg3 Kd7 36. Bf8 g6 37. Kf3 f5 38. g3 Nf6 39. Kg2 Ne4 40. Re2 Rd1 41. f3 Rd2 42. Rxd2 Nxd2 43. Kf2 Nxb3 44. Ke3 Kc6 45. Kd3 Kd5 46. Bg7 a4 47. Bf8 Nxd4 48. Bxb4 Nxf3 49. Be7 Ne5+ 50. Ke2 Nc4 51. Bxg5 Nxb2 52. Be7 Nc4 53. Kd3 e5 54. Bb4 a3 55. Bc3 Nd6 56. g4 f4 57. Bb4 e4+ 58. Kc2 f3 59. Be1 a2 60. Kb2 e3 0-1

[Event "Titled Tuesday intern op 06th Feb Early"]
[Site "Chess.com INT"]
[Date "2024.02.06"]
[Round "3"]
[White "Bardyk, Artem"]
[Black "Juarez Flores, Carlos Armando"]
[Result "0-1"]
[WhiteElo "2192"]
[BlackElo "2300"]
[PlyCount "50"]
[EventDate "2024.02.06"]
[EventType "swiss (blitz)"]
[EventRounds "11"]
[EventCountry "USA"]
[SourceTitle "CBM 218 Extra"]
[Source "ChessBase"]
[SourceDate "2024.03.31"]
[SourceVersion "1"]
[SourceVersionDate "2024.03.31"]
[SourceQuality "1"]

1. e4 Nc6 2. Nf3 d5 3. exd5 Qxd5 4. Nc3 Qd6 5. d4 Nf6 6. Nb5 Qd7 7. d5 Nb4 8. c4 c6 9. Nc3 e5 10. a3 e4 11. axb4 exf3 12. Qxf3 Bxb4 13. dxc6 Qxc6 14. Qxc6+ bxc6 15. Bd2 0-0 16. 0-0-0 Ng4 17. Be1 Bxc3 18. bxc3 Rb8 19. h3 Bf5 20. Bd3 Bxd3 21. Rxd3 Ne5 22. Rd4 c5 23. Rd5 Nxc4 24. Rxc5 Na3 25. f4 Rfd8 0-1

[Event "Titled Tuesday intern op 06th Feb Early"]
[Site "Chess.com INT"]
[Date "2024.02.06"]
[Round "6"]
[White "Niemann, Hans Moke"]
[Black "Juarez Flores, Carlos Armando"]
[Result "1-0"]
[WhiteElo "2675"]
[BlackElo "2300"]
[PlyCount "41"]
[EventDate "2024.02.06"]
[EventType "swiss (blitz)"]
[EventRounds "11"]
[EventCountry "USA"]
[SourceTitle "CBM 218 Extra"]
[Source "ChessBase"]
[SourceDate "2024.03.31"]
[SourceVersion "1"]
[SourceVersionDate "2024.03.31"]
[SourceQuality "1"]

1. e4 e5 2. Nf3 Nf6 3. Nxe5 Qe7 4. Nd3 Qxe4+ 5. Qe2 d5 6. Nc3 Qxe2+ 7. Bxe2 Nc6 8. Nf4 Nb4 9. Kd1 Bf5 10. d3 0-0-0 11. a3 Nc6 12. h3 d4 13. Nb1 Re8 14. g4 Bd7 15. g5 Ng8 16. Nd2 Nge7 17. Ne4 h6 18. gxh6 Rxh6 19. h4 Nf5 20. h5 a5 21. Bd2 1-0

[Event "American Continental 17th"]
[Site "Juan Dolio"]
[Date "2023.05.23"]
[Round "11"]
[White "Juarez Flores, Carlos Armando"]
[Black "Quesada Perez, Luis Ernesto"]
[Result "0-1"]
[WhiteElo "2338"]
[BlackElo "2559"]
[PlyCount "99"]
[EventDate "2023.05.15"]
[EventType "swiss"]
[EventRounds "11"]
[EventCountry "DOM"]
[SourceTitle "CBM 214 Extra"]
[Source "ChessBase"]
[SourceDate "2023.07.31"]
[SourceVersion "1"]
[SourceVersionDate "2023.07.31"]
[SourceQuality "1"]

1. d4 Nf6 2. c4 g6 3. Nc3 d5 4. Nf3 Bg7 5. cxd5 Nxd5 6. Na4 0-0 7. g3 Nc6 8. Bg2 Bg4 9. e3 e5 10. h3 Bxf3 11. Qxf3 Ndb4 12. 0-0 exd4 13. Nc5 b6 14. Nb3 dxe3 15. a3 Ne5 16. Qxa8 Qxa8 17. Bxa8 e2 18. Be4 exf1R+ 19. Kxf1 Na6 20. Bf4 c5 21. Rd1 c4 22. Nd2 Nc5 23. Bxe5 Bxe5 24. Nxc4 Bxb2 25. Bc6 Bf6 26. Nd6 Rd8 27. Ke2 Be7 28. Nb5 Rc8 29. Bd7 Nxd7 30. Rxd7 Kf8 31. Kd3 a6 32. Nc7 Bxa3 33. Nxa6 Ra8 34. Nc7 Ra4 35. g4 Bc5 36. f3 Rf4 37. Ke2 Rd4 38. Nd5 g5 39. f4 gxf4 40. g5 Kg7 41. Kf3 b5 42. h4 h6 43. g6 Kxg6 44. Nxf4+ Kf6 45. Rb7 b4 46. Rb5 Bd6 47. Ng2 Ke6 48. Rb7 f5 49. Rh7 Ke5 50. Ke2 0-1

[Event "American Continental 17th"]
[Site "Juan Dolio"]
[Date "2023.05.22"]
[Round "10"]
[White "Cordoba Roa, Angel Gabriel"]
[Black "Juarez Flores, Carlos Armando"]
[Result "0-1"]
[WhiteElo "2222"]
[BlackElo "2338"]
[PlyCount "158"]
[EventDate "2023.05.15"]
[EventType "swiss"]
[EventRounds "11"]
[EventCountry "DOM"]
[SourceTitle "CBM 214 Extra"]
[Source "ChessBase"]
[SourceDate "2023.07.31"]
[SourceVersion "1"]
[SourceVersionDate "2023.07.31"]
[SourceQuality "1"]

1. e4 c6 2. d4 d5 3. e5 Bf5 4. Nf3 e6 5. Be2 Nd7 6. 0-0 Ne7 7. Nbd2 Bg4 8. Re1 a6 9. a4 Rc8 10. c4 c5 11. cxd5 Nxd5 12. Ne4 h6 13. Nc3 Nxc3 14. bxc3 Nb6 15. Bd2 cxd4 16. cxd4 Nc4 17. Bc3 Be7 18. Qb3 Qd5 19. Reb1 b6 20. Rc1 0-0 21. Bb4 Bxb4 22. Bxc4 Qa5 23. Bxa6 Rxc1+ 24. Rxc1 Bxf3 25. gxf3 Bd2 26. Rd1 Rd8 27. Qd3 Bf4 28. Bb5 Bxe5 29. Qe4 Bb8 30. d5 Qc3 31. Bc4 Qf6 32. Rd3 e5 33. Bb5 Bd6 34. Rd1 Bc5 35. Re1 Qg5+ 36. Kf1 Qd2 37. Re2 Qc1+ 38. Re1 Qd2 39. Re2 Qxd5 40. Qxd5 Rxd5 41. Kg2 g6 42. Bc4 Rd4 43. Bb5 Bd6 44. Re4 Rd1 45. Be2 Rd2 46. Bb5 Kg7 47. Re3 Ra2 48. Re2 Ra1 49. Rb2 f5 50. Re2 Kf6 51. Be8 Bc5 52. Bb5 Bd4 53. Be8 Kg5 54. Rc2 Re1 55. Bb5 Ra1 56. Be8 Kf4 57. h3 g5 58. Bb5 h5 59. Bd7 Rb1 60. Be8 Ra1 61. Bd7 Ra3 62. Bc6 e4 63. fxe4 fxe4 64. Rd2 Bc5 65. Re2 e3 66. fxe3+ Bxe3 67. Rc2 Rd3 68. Bb5 Rd1 69. Bf1 Bd4 70. Be2 Rg1+ 71. Kh2 g4 72. hxg4 hxg4 73. Bd3 g3+ 74. Kh3 Rh1+ 75. Kg2 Rh2+ 76. Kf1 Kf3 77. Be2+ Ke3 78. Bd1 Rh1+ 79. Kg2 Rxd1 0-1

[Event "American Continental 17th"]
[Site "Juan Dolio"]
[Date "2023.05.16"]
[Round "3"]
[White "Juarez Flores, Carlos Armando"]
[Black "Ghazarian, Kirk Vagho"]
[Result "0-1"]
[WhiteElo "2338"]
[BlackElo "2475"]
[PlyCount "68"]
[EventDate "2023.05.15"]
[EventType "swiss"]
[EventRounds "11"]
[EventCountry "DOM"]
[SourceTitle "CBM 214 Extra"]
[Source "ChessBase"]
[SourceDate "2023.07.31"]
[SourceVersion "1"]
[SourceVersionDate "2023.07.31"]
[SourceQuality "1"]

1. e4 c5 2. Nf3 Nc6 3. d4 cxd4 4. Nxd4 e5 5. Nb5 d6 6. a4 Nf6 7. Bg5 a6 8. N5c3 Be7 9. Na3 Bg4 10. Qd2 0-0 11. h3 Be6 12. Bc4 Nd4 13. Bxf6 Bxf6 14. Nd5 Bg5 15. Qd3 b5 16. Ba2 bxa4 17. 0-0 Kh8 18. f4 Bh6 19. f5 Bd7 20. Bc4 Rb8 21. Ra2 a5 22. Nb1 Qc8 23. Kh1 Qc5 24. Rd1 g6 25. c3 Nb3 26. Nf6 Bc6 27. Bd5 Nc1 28. Qg3 Nxa2 29. Qh4 Qe3 30. Bxc6 Rxb2 31. Ng4 Bg5 32. Nxe3 Bxh4 33. Nc4 Re2 34. Bxa4 Re1+ 0-1